Plant science in action
The book explores how an understanding of plant physiology and behaviour has influenced the cultivation of crop species in agriculture and horticulture over the years, and all over the world. As the book investigates the science underlying animal farming techniques, it takes care to consider their s...
সংরক্ষণ করুন:
| প্রধান লেখক: | |
|---|---|
| বিন্যাস: | গ্রন্থ |
| ভাষা: | Undetermined |
| প্রকাশিত: |
London
Hodder and Stoughton
1994
|
| বিষয়গুলি: | |
| ট্যাগগুলো: |
ট্যাগ যুক্ত করুন
কোনো ট্যাগ নেই, প্রথমজন হিসাবে ট্যাগ করুন!
|
| Thư viện lưu trữ: | Trung tâm Học liệu Trường Đại học Cần Thơ |
|---|
| LEADER | 00992nam a2200205Ia 4500 | ||
|---|---|---|---|
| 001 | CTU_15013 | ||
| 008 | 210402s9999 xx 000 0 und d | ||
| 020 | |b 110df | ||
| 082 | |a 631 | ||
| 082 | |b B261 | ||
| 100 | |a Caroline Barnes | ||
| 245 | 0 | |a Plant science in action | |
| 245 | 0 | |c Caroline Barnes, Nick Poore | |
| 260 | |a London | ||
| 260 | |b Hodder and Stoughton | ||
| 260 | |c 1994 | ||
| 520 | |a The book explores how an understanding of plant physiology and behaviour has influenced the cultivation of crop species in agriculture and horticulture over the years, and all over the world. As the book investigates the science underlying animal farming techniques, it takes care to consider their social, aconomic and political implications, and look into the complex environmental and ethical issues surrounding food production for ever increasing world population | ||
| 650 | |a plant - phisiology | ||
| 904 | |i Minh, 970107 | ||
| 980 | |a Trung tâm Học liệu Trường Đại học Cần Thơ | ||